[Event "4NCL Online Division 1"]
[Site "online"]
[Date "2021.08.24"]
[EventDate "2021.08.24"]
[Round "1.101"]
[White "Wilks, Simon"]
[WhiteElo "2167"]
[WhiteTeam "Mushrooms 1"]
[Black "Bremner, Adam"]
[BlackTitle "CM"]
[BlackElo "2204"]
[BlackTeam "Tiger Sharks 2"][Result "1/2-1/2"]
[PlyCount "76"]

1. e4 e5 2. Nf3 Nf6 3. Nxe5 d6 4. Nf3 Nxe4 5. d4 d5 6. Bd3 Bd6 7. O-O O-O 8. c4 c6 9. Nc3 Nxc3 10. bxc3 dxc4 11. Bxc4 Bf5 12. Re1 Nd7 13. Bg5 Qa5 14. Qd2 Nb6 15. Bd3 Rfe8 16. h3 Qd5 17. Bxf5 Qxf5 18. Qb2 h6 19. Be3 Re7 20. Qb3 Qd5 21. Nd2 Qxb3 22. axb3 Nd5 23. Nc4 Bc7 24. Bd2 Rxe1+ 25. Rxe1 Kf8 26. Ne3 Nxe3 27. fxe3 b5 28. c4 a5 29. Ra1 Ke7 30. Kf1 Kd7 31. Ke2 f6 32. Kd3 Ke6 33. e4 Bb6 34. d5+ Kd7 35. Bc3 Kd6 36. Bd2 Kd7 37. Bc3 Kd6 38. Bd2 Kd7 {[W: 0:05:39; B: 0:05:11]} 1/2-1/2

[Event "4NCL Online Division 1"]
[Site "online"]
[Date "2021.08.24"]
[EventDate "2021.08.24"]
[Round "1.102"]
[White "Cox, Tristan A"]
[WhiteElo "2281"]
[WhiteTeam "Tiger Sharks 2"]
[Black "Wilson, David Jn."]
[BlackElo "2019"]
[BlackTeam "Mushrooms 1"][Result "1/2-1/2"]
[PlyCount "115"]

1. d4 g6 2. Nf3 Bg7 3. c3 d6 4. Bg5 Nf6 5. Nbd2 O-O 6. e4 c6 7. Bd3 Nbd7 8. O-O b5 9. h3 e5 10. a4 b4 11. cxb4 Qb6 12. dxe5 dxe5 13. Qb3 Rb8 14. Nc4 Qxb4 15. Qxb4 Rxb4 16. Bd2 Rb7 17. Bc3 Nc5 18. Bc2 Nfxe4 19. Bxe5 Be6 20. Na5 Bxe5 21. Nxb7 Bxb2 22. Nxc5 Nxc5 23. Rab1 Bg7 24. Rfd1 Bc3 25. Nd4 Ba2 26. Nxc6 Bxb1 27. Rxb1 a5 28. Rb5 Ne6 29. Rd5 Kg7 30. Nxa5 Rc8 31. Nb7 Nf4 32. Rd7 Be5 33. Bb3 Rc1+ 34. Rd1 Rc3 35. Rb1 Ne2+ 36. Kf1 Nd4 37. Bd1 Ra3 38. Nc5 Nc6 39. Be2 Bd4 40. Nb3 Bb6 41. Bb5 Ne7 42. Nc1 Nf5 43. g3 Ba7 44. Kg2 h5 45. h4 Nd4 46. Rb4 Ra1 47. Rc4 Nxb5 48. axb5 Rb1 49. Rc7 Bb6 50. Rb7 Rxb5 51. Nd3 Kf6 52. Nf4 Kg7 53. Ne6+ Kf6 54. Nd8 Rb2 55. Rxf7+ Ke5 56. Rf8 Kd6 57. Nb7+ Ke7 58. Rf3 {[W: 0:01:40; B: 0:14:51]} 1/2-1/2

[Event "4NCL Online Division 1"]
[Site "online"]
[Date "2021.08.24"]
[EventDate "2021.08.24"]
[Round "1.103"]
[White "Linton, William A"]
[WhiteElo "1988"]
[WhiteTeam "Mushrooms 1"]
[Black "Skulte, Christopher"]
[BlackElo "2147"]
[BlackTeam "Tiger Sharks 2"][Result "1/2-1/2"]
[PlyCount "34"]

1. e4 c5 2. Nc3 e6 3. g3 d5 4. exd5 exd5 5. Bg2 Nf6 6. d3 Bg4 7. Nf3 Nbd7 8. Bf4 Be7 9. O-O O-O 10. h3 Bh5 11. g4 Bg6 12. Nh4 Nb6 13. Nxg6 fxg6 14. Bg3 Bd6 15. Bxd6 Qxd6 16. Qd2 a6 17. Rae1 Rae8 {[W: 0:35:36; B: 0:35:13]} 1/2-1/2

[Event "4NCL Online Division 1"]
[Site "online"]
[Date "2021.08.24"]
[EventDate "2021.08.24"]
[Round "1.104"]
[White "Purton, Ben J"]
[WhiteElo "2134"]
[WhiteTeam "Tiger Sharks 2"]
[Black "Davies, Neil"]
[BlackElo "1981"]
[BlackTeam "Mushrooms 1"][Result "1/2-1/2"]
[PlyCount "73"]

1. e4 e5 2. Nf3 Nc6 3. d4 exd4 4. Nxd4 Nf6 5. Nxc6 bxc6 6. e5 Qe7 7. Qe2 Nd5 8. c4 Ba6 9. Qe4 Nf6 10. Qe2 Nd5 11. Nd2 Nb6 12. Qe4 d5 13. exd6 cxd6 14. b3 d5 15. cxd5 Qxe4+ 16. Nxe4 Bb4+ 17. Bd2 Bxd2+ 18. Kxd2 Bxf1 19. Rhxf1 O-O-O 20. Rad1 Nxd5 21. Kc1 h6 22. Rfe1 Kc7 23. Nc5 Rhe8 24. a3 Nf6 25. Rxe8 Rxe8 26. Rd2 Re1+ 27. Kb2 a5 28. f3 Nd5 29. g3 g5 30. Rf2 f5 31. f4 gxf4 32. gxf4 Re3 33. Rd2 Kb6 34. Nd7+ Kc7 35. Nc5 Kb6 36. Nd7+ Kc7 37. Nc5 {[W: 0:12:52; B: 0:09:57]} 1/2-1/2

[Event "4NCL Online Division 2"]
[Site "online"]
[Date "2021.08.24"]
[EventDate "2021.08.24"]
[Round "1.81"]
[White "Hortin, Matthew J"]
[WhiteElo "1938"]
[WhiteTeam "Mushrooms 2"]
[Black "Soares, Danilo V."]
[BlackElo "2218"]
[BlackTeam "Bolton and Worsley 1"][Result "0-1"]
[PlyCount "64"]

1. c4 e6 2. Nc3 Nf6 3. d4 d5 4. Bg5 Be7 5. Nf3 O-O 6. e3 h6 7. Bf4 Nbd7 8. Bd3 dxc4 9. Bxc4 c5 10. O-O Nb6 11. Bb3 Nbd5 12. Nxd5 Nxd5 13. Bg3 b6 14. dxc5 bxc5 15. Rc1 Bb7 16. Qe2 Qb6 17. Rfd1 Rfd8 18. h3 a5 19. Bc4 a4 20. b3 a3 21. Bh4 Bxh4 22. Nxh4 Nb4 23. Nf3 Rxd1+ 24. Rxd1 Rd8 25. Ne5 Rxd1+ 26. Qxd1 Qc7 27. f4 Be4 28. Qc1 Qa7 29. Qc3 Nxa2 30. Qa1 Nb4 31. Nf3 Bxf3 32. gxf3 a2 {[W: 0:00:35; B: 0:34:41]} 0-1

[Event "4NCL Online Division 2"]
[Site "online"]
[Date "2021.08.24"]
[EventDate "2021.08.24"]
[Round "1.82"]
[White "Tyton, Adam"]
[WhiteElo "1898"]
[WhiteTeam "Bolton and Worsley 1"]
[Black "Rydahl, Johan"]
[BlackElo "1899"]
[BlackTeam "Mushrooms 2"][Result "1/2-1/2"]
[PlyCount "132"]

1. e4 e5 2. Nf3 Nc6 3. d4 exd4 4. Nxd4 Bc5 5. Be3 Qf6 6. c3 Nge7 7. Qd2 O-O 8. Be2 d6 9. O-O Qg6 10. Nxc6 Nxc6 11. Bxc5 dxc5 12. Qe3 Re8 13. Bf3 Ne5 14. Nd2 b6 15. Rfe1 Bb7 16. Kh1 Rad8 17. Be2 f5 18. f3 fxe4 19. Nxe4 Bxe4 20. Qxe4 Qxe4 21. fxe4 Rd2 22. b3 Rc2 23. c4 Rd8 24. Red1 Rd4 25. Bf3 Kf8 26. Kg1 Ke7 27. h3 a5 28. Rdc1 Rxc1+ 29. Rxc1 Ke6 30. Rc2 Nd3 31. Kf1 Ke5 32. Ke2 Kf4 33. Rc3 Ne5 34. Rc2 Rd3 35. Rd2 Re3+ 36. Kf2 Nd3+ 37. Kg1 Kg3 38. Rd1 Ne5 39. Rf1 g6 40. Bd1 Rxe4 41. Bf3 Nxf3+ 42. Rxf3+ Kh4 43. Rf7 h5 44. Kf2 Re6 45. g3+ Kg5 46. Rxc7 Kf5 47. Rd7 Ke4 48. Rd2 Rf6+ 49. Ke2 Rf3 50. Rd6 Rxg3 51. Re6+ Kd4 52. Rxb6 g5 53. Rd6+ Ke4 54. Rd5 Rxh3 55. Rxg5 Rh2+ 56. Kf1 Rxa2 57. Rxh5 Kd4 58. Rd5+ Kc3 59. Rxc5 Kxb3 60. Rc8 Rc2 61. c5 a4 62. c6 a3 63. c7 a2 64. Rb8+ Ka3 65. Ra8+ Kb2 66. Rb8+ Ka3 {[W: 0:02:32; B: 0:04:59]} 1/2-1/2

[Event "4NCL Online Division 2"]
[Site "online"]
[Date "2021.08.24"]
[EventDate "2021.08.24"]
[Round "1.83"]
[White "Joslin, Tim"]
[WhiteElo "1873"]
[WhiteTeam "Mushrooms 2"]
[Black "Kumar, Jamie"]
[BlackElo "1707"]
[BlackTeam "Bolton and Worsley 1"][Result "0-1"]
[PlyCount "76"]

1. e4 c6 2. d4 d5 3. exd5 cxd5 4. c4 Nf6 5. Nf3 g6 6. Nc3 Bg7 7. Be3 O-O 8. Be2 Nc6 9. h3 b6 10. O-O Bb7 11. a3 Rc8 12. cxd5 Nxd5 13. Qd2 Nxe3 14. fxe3 Bh6 15. Qd3 e6 16. Ne4 f5 17. Ned2 e5 18. Qb3+ Kh8 19. Nc4 exd4 20. Rad1 Qe7 21. exd4 Ba6 22. Rfe1 Na5 23. Qa2 Nxc4 24. b3 Nd2 25. Bxa6 Nxf3+ 26. gxf3 Qg5+ 27. Qg2 Rc3 28. Qxg5 Bxg5 29. Rd3 Rxd3 30. Bxd3 Rd8 31. Bc4 Rxd4 32. Re8+ Kg7 33. Ra8 Be3+ 34. Kf1 Rd7 35. Ke2 f4 36. Rg8+ Kh6 37. Bd3 a5 38. Rc8 Kg5 {Time forfeit} {[W: 0:00:39; B: 0:12:00]} 0-1

[Event "4NCL Online Division 2"]
[Site "online"]
[Date "2021.08.24"]
[EventDate "2021.08.24"]
[Round "1.84"]
[White "Hodgson, Christopher"]
[WhiteElo "1764"]
[WhiteTeam "Bolton and Worsley 1"]
[Black "Sedgwick, David"]
[BlackElo "1850"]
[BlackTeam "Mushrooms 2"][Result "0-1"]
[PlyCount "72"]

1. e4 e6 2. d4 d5 3. exd5 exd5 4. Bd3 Bd6 5. Ne2 Nc6 6. c3 h6 7. Bf4 Nf6 8. Nd2 Bg4 9. f3 Be6 10. Qb3 Rb8 11. O-O-O O-O 12. g4 Bxf4 13. Nxf4 Qd6 14. Nxe6 fxe6 15. Rde1 a5 16. Re2 e5 17. dxe5 Nxe5 18. Bf5 g6 19. Bc2 b5 20. Rhe1 Rfe8 21. Ne4 Nxe4 22. Bxe4 Kg7 23. Qxd5 Qxd5 24. Bxd5 Nd3+ 25. Kd1 Nxe1 26. Kxe1 Rxe2+ 27. Kxe2 g5 28. b4 axb4 29. cxb4 Kf6 30. Ke3 Ke5 31. Bb3 Rd8 32. a3 Ra8 33. a4 bxa4 34. Ba2 Rb8 35. h4 Rxb4 36. hxg5 hxg5 {[W: 0:20:24; B: 0:34:34]} 0-1

[Event "4NCL Online Division 3"]
[Site "online"]
[Date "2021.08.24"]
[EventDate "2021.08.24"]
[Round "1.11"]
[White "Wood, Peter R"]
[WhiteElo "1993"]
[WhiteTeam "Catford Cosmonauts 3"]
[Black "Benhamida, Mohammed"]
[BlackElo "1583"]
[BlackTeam "Manchester Juniors B"]
[Result "1-0"]
[PlyCount "37"]

1. e4 d6 2. Nc3 Nf6 3. g3 g6 4. Bg2 Bg7 5. d3 Nc6 6. f4 e5 7. Nf3 O-O 8. O-O Re8 9. fxe5 Nxe5 10. Nxe5 Rxe5 11. Bf4 Re8 12. Qd2 Bg4 13. Bg5 Re6 14. Qf4 Bh5 15. Nd5 Be2 16. Rf2 Nh5 17. Qxf7+ Kh8 18. Bxd8 Rxd8 19. Qxe6 1-0

[Event "4NCL Online Division 3"]
[Site "online"]
[Date "2021.08.24"]
[EventDate "2021.08.24"]
[Round "1.12"]
[White "Eccleston, Bryony"]
[WhiteElo "1526"]
[WhiteTeam "Manchester Juniors B"]
[Black "Turner, Howard"]
[BlackElo "1860"]
[BlackTeam "Catford Cosmonauts 3"]
[Result "1-0"]
[PlyCount "119"]

1. e3 Nf6 2. d4 g6 3. Nf3 Bg7 4. c4 O-O 5. Nc3 d5 6. Qb3 dxc4 7. Bxc4 Nc6 8. Qc2 Bf5 9. Qd1 a6 10. O-O b5 11. Bb3 Rc8 12. Bd2 Na5 13. Bc2 Bxc2 14. Qxc2 c5 15. Qd3 Nc4 16. b3 Nxd2 17. Qxd2 cxd4 18. exd4 e6 19. Rac1 Qd6 20. h3 Rfd8 21. Rfd1 b4 22. Ne2 Ne4 23. Qd3 f5 24. Rc4 Qb6 25. Rdc1 Qb7 26. Nf4 Qd7 27. Ne2 Bh6 28. Ne5 Qb7 29. R1c2 Bg7 30. Nc6 Qd7 31. Ne7+ Qxe7 32. Rxc8 Qd7 33. Rxd8+ Qxd8 34. Qxa6 Nd6 35. Rc6 Bf8 36. Nf4 Kf7 37. Qa7+ Be7 38. Qc7 Qxc7 39. Rxc7 Nb5 40. Rd7 Nc3 41. Ra7 Nb5 42. Rb7 Nxd4 43. Nd3 Ne2+ 44. Kh2 Nc3 45. Nxb4 Kf6 46. Nc6 Bd6+ 47. g3 f4 48. Rxh7 fxg3+ 49. fxg3 Ne4 50. Kg2 Nxg3 51. Nd8 Nf5 52. a4 Nd4 53. Rd7 Be5 54. b4 Nf5 55. a5 Ne3+ 56. Kf3 Nd5 57. h4 Bc3 58. Ke4 g5 59. hxg5+ Kg6 60. a6 1-0

[Event "4NCL Online Division 3"]
[Site "online"]
[Date "2021.08.24"]
[EventDate "2021.08.24"]
[Round "1.13"]
[White "John, Maxamillian"]
[WhiteElo "1872"]
[WhiteTeam "Catford Cosmonauts 3"]
[Black "Correa, Rebecca"]
[BlackElo "1502"]
[BlackTeam "Manchester Juniors B"]
[Result "1-0"]
[PlyCount "141"]

1. d4 Nf6 2. Nf3 g6 3. Nc3 Bg7 4. e4 d6 5. Be3 O-O 6. Qd2 Nbd7 7. Bh6 Re8 8. h4 e5 9. d5 Nc5 10. Bxg7 Kxg7 11. Bd3 Nxd3+ 12. Qxd3 Bd7 13. O-O-O Nh5 14. Ng5 h6 15. Nh3 Qxh4 16. g3 Qf6 17. Rdf1 a6 18. Qe3 Rad8 19. f4 exf4 20. gxf4 Qe7 21. Rfg1 Bf5 22. Nf2 Nf6 23. Re1 Ng4 24. Qd4+ Qf6 25. Qxf6+ Kxf6 26. exf5 Nxf2 27. Rxe8 Rxe8 28. Rf1 Ng4 29. fxg6 Kxg6 30. Kd2 Kf5 31. a4 Nh2 32. Rf2 Ng4 33. Rf1 Ne3 34. Rh1 Nc4+ 35. Kc1 Rh8 36. b3 Ne3 37. Kd2 Ng2 38. Ne2 Nxf4 39. Rf1 Ke5 40. Rxf4 f5 41. Ke3 Re8 42. Kf3 Rf8 43. c4 Kf6 44. Ng3 Kg5 45. Rd4 h5 46. Rd1 h4 47. Ne2 Re8 48. Rg1+ Kh5 49. Nf4+ Kh6 50. Ne6 Re7 51. Kf4 Rf7 52. Rg5 Kh7 53. Rh5+ Kg6 54. Rxh4 b6 55. Rh1 a5 56. Rg1+ Kh6 57. Rg5 Kh7 58. Rxf5 Re7 59. Rf6 Kg8 60. Rf8+ Kh7 61. Kf5 Kh6 62. Kf6 Rd7 63. Rf7 Rxf7+ 64. Kxf7 Kh5 65. Nxc7 Kg5 66. Ke6 Kg6 67. Kxd6 Kf7 68. Kc6 Ke7 69. d6+ Kd8 70. Kxb6 Kd7 71. c5 1-0

[Event "4NCL Online Division 3"]
[Site "online"]
[Date "2021.08.24"]
[EventDate "2021.08.24"]
[Round "1.14"]
[White "Ye, Tim"]
[WhiteElo "1369"]
[WhiteTeam "Manchester Juniors B"]
[Black "Kizilay, Huseyin Gokhan"]
[BlackElo "1721"]
[BlackTeam "Catford Cosmonauts 3"]
[Result "0-1"]
[PlyCount "78"]

1. e4 c6 2. d4 d6 3. Nf3 Bg4 4. h3 Bh5 5. Nc3 Nd7 6. Bd3 Ngf6 7. O-O e5 8. Be3 Be7 9. Re1 Qc7 10. dxe5 Nxe5 11. Be2 Rd8 12. Nd4 Bg6 13. Bd3 O-O 14. Nf3 Nfd7 15. Bf4 Bf6 16. Nxe5 Nxe5 17. Qe2 Qa5 18. a3 Rfe8 19. Rad1 h6 20. Qe3 d5 21. exd5 Nxd3 22. Qxe8+ Rxe8 23. Rxe8+ Kh7 24. cxd3 cxd5 25. Be5 Bd8 26. d4 f6 27. Bd6 Bxe8 28. Bb4 Qa6 29. Re1 Bf7 30. g3 Qc4 31. Rd1 a5 32. Bc5 b6 33. Bd6 f5 34. Be5 b5 35. Bd6 b4 36. axb4 axb4 37. Na4 Qb3 38. Nc5 Qxd1+ 39. Kg2 Qxd4 0-1

[Event "4NCL Online Division 3"]
[Site "online"]
[Date "2021.08.24"]
[EventDate "2021.08.24"]
[Round "1.21"]
[White "Tenin, Alex"]
[WhiteElo "2000"]
[WhiteTeam "War & Piece Overlord"]
[Black "Zhang, Zheming"]
[BlackElo "1994"]
[BlackTeam "Forest Hall Juniors"]
[Result "0-1"]
[PlyCount "106"]

1. e4 e6 2. d4 d5 3. Nc3 Nf6 4. Bg5 Be7 5. e5 Nfd7 6. Bxe7 Qxe7 7. Nh3 a6 8. Qg4 O-O 9. Bd3 f5 10. exf6 Nxf6 11. Qh4 Nc6 12. O-O-O g6 13. Rhe1 Bd7 14. Nf4 Rae8 15. Re3 Ne4 16. Qh6 Qg7 17. Qxg7+ Kxg7 18. Bxe4 Rxf4 19. Bf3 Nxd4 20. Ne2 Nxe2+ 21. Rxe2 c6 22. b3 e5 23. Rde1 e4 24. Re3 exf3 25. g3 Rfe4 26. Kd2 Rxe3 27. Rxe3 Rxe3 28. Kxe3 Bf5 29. c4 dxc4 30. bxc4 Be6 31. Kd4 Kf6 32. a4 Ke7 33. a5 Kd6 34. c5+ Ke7 35. Ke5 Bh3 36. Kf4 Ke6 37. Kxf3 Kd5 38. g4 Kxc5 39. Kg3 Bf1 40. f4 Bd3 41. h4 Kd6 42. Kf3 c5 43. Ke3 Bb1 44. f5 gxf5 45. g5 Ke6 46. Kf4 Kf7 47. Ke5 c4 48. Kd4 Bd3 49. h5 f4 50. Kc5 f3 51. Kb6 f2 52. Kxb7 c3 53. Kb6 f1=Q 0-1

[Event "4NCL Online Division 3"]
[Site "online"]
[Date "2021.08.24"]
[EventDate "2021.08.24"]
[Round "1.22"]
[White "Wall, John (jnr)"]
[WhiteElo "1756"]
[WhiteTeam "Forest Hall Juniors"]
[Black "O'Byrne, Daniel"]
[BlackElo "1922"]
[BlackTeam "War & Piece Overlord"]
[Result "0-1"]
[PlyCount "28"]

1. d4 d5 2. Bf4 Nf6 3. e3 Bf5 4. c4 Nc6 5. Nc3 e6 6. Nf3 Bb4 7. Qb3 O-O 8. a3 Bxc3+ 9. Qxc3 Ne4 10. Qc1 Na5 11. Ra2 c5 12. dxc5 Nb3 13. Qd1 Qa5+ 14. Ke2 Nexc5 0-1

[Event "4NCL Online Division 3"]
[Site "online"]
[Date "2021.08.24"]
[EventDate "2021.08.24"]
[Round "1.23"]
[White "Kelly, Richard"]
[WhiteElo "1790"]
[WhiteTeam "War & Piece Overlord"]
[Black "French, Morgan"]
[BlackElo "1658"]
[BlackTeam "Forest Hall Juniors"]
[Result "0-1"]
[PlyCount "122"]

1. d4 Nf6 2. c4 e6 3. Nc3 Bb4 4. Bg5 c5 5. d5 d6 6. e3 Bxc3+ 7. bxc3 e5 8. Qc2 Bg4 9. f3 Bh5 10. Bd3 Nbd7 11. Ne2 Bg6 12. Ng3 Bxd3 13. Qxd3 h6 14. Bxf6 Nxf6 15. O-O O-O 16. Rab1 Qd7 17. e4 g6 18. Qd2 Kg7 19. Rb5 b6 20. Rfb1 Rab8 21. Qb2 Rfe8 22. Qb3 Qc7 23. a4 Nd7 24. Qb2 Nf6 25. Nf1 Kh7 26. Ne3 Kg7 27. Nc2 h5 28. Na3 Nd7 29. Rb3 a6 30. a5 bxa5 31. Rb7 Qc8 32. Rxb8 Qxb8 33. Qxb8 Rxb8 34. Rxb8 Nxb8 35. Kf2 f5 36. Ke3 Kf6 37. Nc2 Nd7 38. Kd2 Nb6 39. Kd3 fxe4+ 40. fxe4 Kg5 41. Na3 Kf4 42. Nc2 a4 43. Na3 g5 44. Nb1 g4 45. Na3 h4 46. Nb1 h3 47. gxh3 gxh3 48. Nd2 a3 49. Nb3 Kf3 50. Nd2+ Kg2 51. Ke2 a2 52. Nb3 Kxh2 53. Kf2 Nxc4 54. Na1 Nd2 55. Nc2 Nb3 56. Ne1 a1=Q 57. Nf3+ Kh1 58. c4 h2 59. Kg3 Qg1+ 60. Nxg1 hxg1=Q+ 61. Kf3 Nd4# 0-1

[Event "4NCL Online Division 3"]
[Site "online"]
[Date "2021.08.24"]
[EventDate "2021.08.24"]
[Round "1.24"]
[White "Amoako Philip Selikem Yao"]
[WhiteElo "1620"]
[WhiteTeam "Forest Hall Juniors"]
[Black "Ross, David C"]
[BlackElo "1741"]
[BlackTeam "War & Piece Overlord"]
[Result "1-0"]
[PlyCount "53"]

1. e4 e5 2. Nf3 Nc6 3. Bb5 a6 4. Ba4 Nf6 5. O-O Be7 6. Re1 O-O 7. c3 d6 8. h3 b5 9. Bc2 Bb7 10. d4 Re8 11. Nbd2 Bf8 12. Nf1 Nb8 13. dxe5 Nfd7 14. exd6 Bxd6 15. e5 Bc5 16. Ng5 Nf8 17. Qxd8 Rxd8 18. Bb3 Bd5 19. Rd1 c6 20. Be3 Ba7 21. a4 h6 22. axb5 Bxe3 23. Nxe3 Bxb3 24. Rxd8 hxg5 25. bxc6 Ra7 26. Rxb8 g6 27. Rxb3 1-0

[Event "4NCL Online Division 3"]
[Site "online"]
[Date "2021.08.24"]
[EventDate "2021.08.24"]
[Round "1.31"]
[White "Kolbusz, George"]
[WhiteElo "1831"]
[WhiteTeam "Shropshire and Friends 3"]
[Black "Clarke, Connor"]
[BlackElo "2028"]
[BlackTeam "Chessable White Rose 3"]
[Result "0-1"]
[PlyCount "46"]

1. d4 d5 2. Nf3 Nf6 3. g3 e6 4. Bg2 Be7 5. O-O Ne4 6. c4 f5 7. Ne5 Nd7 8. f4 h5 9. Nc3 c6 10. cxd5 exd5 11. Ng6 Rh6 12. Nxe7 Qxe7 13. Nxe4 dxe4 14. b3 h4 15. a4 hxg3 16. hxg3 Nf6 17. Qe1 Qf7 18. Qb4 Ng4 19. Ba3 Be6 20. Rab1 O-O-O 21. Bc1 Rdh8 22. e3 Qh5 23. Re1 Qh1+ 0-1

[Event "4NCL Online Division 3"]
[Site "online"]
[Date "2021.08.24"]
[EventDate "2021.08.24"]
[Round "1.32"]
[White "Parkhouse, Max"]
[WhiteElo "1869"]
[WhiteTeam "Chessable White Rose 3"]
[Black "Maydew, Simon"]
[BlackElo "1824"]
[BlackTeam "Shropshire and Friends 3"]
[Result "1/2-1/2"]
[PlyCount "102"]

1. d4 Nf6 2. Bf4 d5 3. e3 c5 4. c3 Qb6 5. Qb3 c4 6. Qc2 g6 7. Nd2 Bf5 8. Qc1 Nbd7 9. b3 cxb3 10. axb3 Nh5 11. Ngf3 Nxf4 12. exf4 Bg7 13. b4 O-O 14. Be2 a6 15. O-O Rac8 16. Nb3 Qc7 17. Nc5 Nxc5 18. bxc5 Bh6 19. g3 Rfe8 20. Re1 f6 21. Qb2 Bg7 22. Bf1 e5 23. fxe5 fxe5 24. Bg2 e4 25. Nd2 Rcd8 26. Qb3 Kh8 27. Nf1 Rf8 28. Ne3 Be6 29. Reb1 Qf7 30. Ra2 Bc8 31. Qb6 h5 32. h4 Kh7 33. Rab2 Qe7 34. Qb3 Qe6 35. Qc2 Qe7 36. Rb4 g5 37. Nxd5 Rxd5 38. Bxe4+ Bf5 39. Re1 Qd7 40. Bxf5+ Rdxf5 41. hxg5 Kh8 42. Reb1 Qd5 43. f4 Qf3 44. Qf2 Qxc3 45. R4b3 Qxd4 46. Rxb7 Qxf2+ 47. Kxf2 Bd4+ 48. Kf3 Bxc5 49. Rh1 Kg8 50. Rxh5 a5 51. Rbh7 Bd4 1/2-1/2

[Event "4NCL Online Division 3"]
[Site "online"]
[Date "2021.08.24"]
[EventDate "2021.08.24"]
[Round "1.33"]
[White "Lovatt, Peter G"]
[WhiteElo "1787"]
[WhiteTeam "Shropshire and Friends 3"]
[Black "Donahue, Randolph E"]
[BlackElo "1789"]
[BlackTeam "Chessable White Rose 3"]
[Result "1-0"]
[PlyCount "57"]

1. e4 e5 2. Nc3 Nf6 3. f4 d5 4. fxe5 Nxe4 5. Nf3 Be7 6. Qe2 f5 7. exf6 Nxf6 8. d4 O-O 9. Bd2 c6 10. O-O-O b5 11. Re1 Bd6 12. Ne5 b4 13. Nd1 Ne4 14. Qh5 Nxd2 15. Kxd2 Qa5 16. Bd3 b3+ 17. c3 h6 18. Qg6 Bf5 19. Bxf5 Rxf5 20. Qxf5 bxa2 21. Qf7+ Kh7 22. Qf5+ Kg8 23. Qe6+ Kh7 24. Qxd6 a1=Q 25. Qg6+ Kg8 26. Ng4 Nd7 27. Nxh6+ Kh8 28. Nf7+ Kg8 29. Re7 1-0

[Event "4NCL Online Division 3"]
[Site "online"]
[Date "2021.08.24"]
[EventDate "2021.08.24"]
[Round "1.34"]
[White "Mason, Peter F"]
[WhiteElo "1813"]
[WhiteTeam "Chessable White Rose 3"]
[Black "Podlesak, Mark"]
[BlackElo "1781"]
[BlackTeam "Shropshire and Friends 3"]
[Result "0-1"]
[PlyCount "108"]

1. Nf3 Nf6 2. g3 g6 3. Bg2 Bg7 4. O-O c6 5. c4 O-O 6. Nc3 d5 7. cxd5 cxd5 8. d4 a6 9. e3 Nc6 10. b3 b5 11. a3 Qd6 12. Bb2 Bf5 13. Rc1 Rfc8 14. b4 Rab8 15. Qe2 Bg4 16. h3 Bxf3 17. Qxf3 e6 18. Qe2 Rb7 19. Rfd1 Rbc7 20. Rd2 Ne7 21. Rdc2 Nd7 22. Qd1 f5 23. Ne2 Rc4 24. Rxc4 bxc4 25. Nc3 Rb8 26. Qa4 Nf6 27. Rb1 Ne4 28. Bxe4 fxe4 29. Qa5 Nf5 30. Kg2 Bf8 31. Na4 Qc6 32. Nc5 Ra8 33. a4 Be7 34. b5 axb5 35. Qxb5 Rc8 36. Ba3 e5 37. Qxc6 Rxc6 38. Rb8+ Kf7 39. Rb7 exd4 40. exd4 c3 41. Nxe4 Ke8 42. Bxe7 Nxe7 43. Nxc3 Rxc3 44. a5 Ra3 45. Rb5 Kf7 46. h4 Ra4 47. Kh3 h5 48. f3 Rxd4 49. a6 Ra4 50. Rb6 Ra3 51. Kg2 d4 52. Rd6 Nf5 53. Rd5 Rxa6 54. Kf2 Rd6 0-1

[Event "4NCL Online Division 3"]
[Site "online"]
[Date "2021.08.24"]
[EventDate "2021.08.24"]
[Round "1.41"]
[White "Gajdosz, Marek"]
[WhiteElo "1931"]
[WhiteTeam "Darnall & Handsworth"]
[Black "Wong, Tristan"]
[BlackElo "1617"]
[BlackTeam "Warwickshire Bears B"]
[Result "1-0"]
[PlyCount "69"]

1. d4 Nf6 2. Nf3 d6 3. c4 Nc6 4. d5 Nb8 5. Nc3 g6 6. e4 Bg7 7. h3 O-O 8. Bd3 Nbd7 9. O-O c6 10. Be3 Ne8 11. Qd2 e5 12. g4 Nb6 13. Bg5 f6 14. Bh4 Nd7 15. Bc2 a5 16. Nh2 Nc5 17. b3 Bd7 18. Kg2 Qc8 19. f3 h5 20. Bf2 Kh7 21. Rfd1 Rf7 22. a3 Bh6 23. Be3 Bxe3 24. Qxe3 f5 25. Qg5 fxg4 26. hxg4 Ng7 27. Rh1 Qf8 28. Ne2 a4 29. b4 Nb3 30. Raf1 b5 31. cxb5 cxb5 32. f4 exf4 33. e5 dxe5 34. Qxg6+ Kg8 35. Qh7# 1-0

[Event "4NCL Online Division 3"]
[Site "online"]
[Date "2021.08.24"]
[EventDate "2021.08.24"]
[Round "1.42"]
[White "He, Tom Junde"]
[WhiteElo "1425"]
[WhiteTeam "Warwickshire Bears B"]
[Black "Holroyd-Doveton, Nathaniel"]
[BlackElo "1626"]
[BlackTeam "Darnall & Handsworth"]
[Result "1-0"]
[PlyCount "61"]

1. e4 e6 2. d4 d5 3. exd5 exd5 4. c3 Nf6 5. Nf3 Be7 6. Be2 O-O 7. Bf4 Nc6 8. O-O Ne4 9. Ne1 Bd6 10. Bxd6 Qxd6 11. Nd2 f5 12. Nd3 Bd7 13. Nf3 Rae8 14. Nfe5 Nxe5 15. Nxe5 Rf6 16. f3 Ng5 17. Qb3 Bc6 18. Rae1 Rh6 19. Bd3 Nf7 20. f4 Nxe5 21. fxe5 Qd8 22. Bxf5 Qh4 23. Bh3 Rg6 24. Bf5 Rh6 25. h3 Rf8 26. Qc2 Bb5 27. Rf2 Rh5 28. Be6+ Rf7 29. Bxf7+ Kh8 30. Bxh5 g6 31. Be2 1-0

[Event "4NCL Online Division 3"]
[Site "online"]
[Date "2021.08.24"]
[EventDate "2021.08.24"]
[Round "1.43"]
[White "Chatterton, Craig"]
[WhiteElo "1640"]
[WhiteTeam "Darnall & Handsworth"]
[Black "Johal, Amrissa Kaur"]
[BlackElo "1384"]
[BlackTeam "Warwickshire Bears B"]
[Result "1-0"]
[PlyCount "97"]

1. d4 d5 2. c4 e6 3. Nc3 Nf6 4. Nf3 h6 5. e3 c5 6. cxd5 exd5 7. Bd3 cxd4 8. Nxd4 Bc5 9. O-O O-O 10. b3 Qc7 11. Bd2 Qe5 12. Nf3 Qe7 13. Re1 Re8 14. e4 dxe4 15. Nxe4 Nxe4 16. Rxe4 Qd7 17. Rxe8+ Qxe8 18. Qc2 Qc6 19. Re1 Be6 20. Be4 Qc7 21. b4 f5 22. bxc5 fxe4 23. Qxe4 Bf7 24. Qe7 Qxe7 25. Rxe7 b6 26. Ne5 Bd5 27. Re8+ Kh7 28. c6 Nxc6 29. Rxa8 Nxe5 30. Rxa7 b5 31. Bc3 Nf7 32. a3 Kg6 33. f3 Kg5 34. Bxg7 h5 35. Kf2 Nd6 36. Rd7 Kg6 37. Rxd6+ Kxg7 38. Rxd5 Kf6 39. Rxb5 Kg6 40. a4 Kf7 41. a5 Ke7 42. a6 Kd7 43. a7 Kc6 44. Rb1 h4 45. a8=Q+ Kd6 46. Qc8 h3 47. gxh3 Ke7 48. Rb6 Kf7 49. Qc7+ 1-0

[Event "4NCL Online Division 3"]
[Site "online"]
[Date "2021.08.24"]
[EventDate "2021.08.24"]
[Round "1.44"]
[White "Nasibova, Margarita"]
[WhiteElo "1336"]
[WhiteTeam "Warwickshire Bears B"]
[Black "Primrose, Joe G"]
[BlackElo "1500"]
[BlackTeam "Darnall & Handsworth"]
[Result "1-0"]
[PlyCount "37"]

1. c4 c5 2. Nc3 Nc6 3. g3 g6 4. Bg2 Bg7 5. e4 e5 6. d3 d6 7. h3 Nf6 8. Nge2 O-O 9. O-O Rb8 10. f4 Be6 11. f5 Bd7 12. g4 a6 13. Ng3 b5 14. Nd5 Nxd5 15. cxd5 Nd4 16. Be3 Qh4 17. Kh2 Bf6 18. Qd2 Bg7 19. Bg5 1-0

[Event "4NCL Online Division 3"]
[Site "online"]
[Date "2021.08.24"]
[EventDate "2021.08.24"]
[Round "1.51"]
[White "Jenkins, John"]
[WhiteElo "2089"]
[WhiteTeam "Stroud Oldies"]
[Black "Robinson, Brian"]
[BlackElo "1640"]
[BlackTeam "Bishop Trojans"]
[Result "1-0"]
[PlyCount "71"]

1. d4 d5 2. c4 e6 3. Nc3 Be7 4. Nf3 Nf6 5. Bg5 O-O 6. e3 Nbd7 7. Rc1 h6 8. Bh4 b6 9. cxd5 exd5 10. Bd3 Bb7 11. O-O Ne4 12. Bxe7 Qxe7 13. Qb3 Ndf6 14. Qc2 Nxc3 15. bxc3 Rac8 16. Bf5 Rb8 17. Ne5 Qd6 18. f4 Bc8 19. Bd3 Bb7 20. c4 c5 21. Rfd1 cxd4 22. exd4 Rbc8 23. c5 bxc5 24. dxc5 Qd8 25. Qa4 a5 26. Kh1 Ba8 27. Bf5 Rb8 28. Rd4 g6 29. Bd3 Qc7 30. h3 Ne4 31. Bxe4 dxe4 32. Rd7 Qc8 33. c6 Qa6 34. Qxe4 Rb4 35. Qe3 Rb2 36. Nxf7 1-0